| 000 | 00866nam a2200241 i 4500 | ||
|---|---|---|---|
| 001 | bg | ||
| 245 | 0 | 0 |
_aPodręcznik ankietera / _cpraca pod red. Zbigniewa Sawińskiego, Pawła B. Sztabińskiego, Franciszka Sztabińskiego. |
| 260 |
_aWarszawa : _bInstytut Badania Rynku i Opinii SMG/KRC Poland Media : _bWydaw. IFiS PAN - Instytutu Filozofii i Socjologii [Polskiej Akademii Nauk, _c2000. |
||
| 300 |
_a326, [2] s. : _bil. ; _c24 cm. |
||
| 650 | 9 | _aAnkieta | |
| 650 | 9 | _aWywiad socjologiczny | |
| 655 | _aPodręczniki | ||
| 700 | 1 |
_aSAWIŃSKI, Zbigniew. _eRed. |
|
| 700 | 1 |
_aSZTABIŃSKI, Paweł Benedykt. _eRed. |
|
| 700 | 1 |
_aSZTABIŃSKI, Franciszek. _eRed. |
|
| 020 | _a8387632686 (IFiS PAN) | ||
| 040 | _cBPK | ||
| 041 | 0 | _apl | |
| 080 | _a303.4/.8(07) | ||
| 920 | _a83-87632-68-6 (IFiS PAN) | ||
| 942 | _cKS | ||
| 008 | s pl f |000 0 pol | ||
| 999 |
_c39856 _d39856 |
||
| 856 |
_uhttp://koha.tu.koszalin.pl/cgi-bin/koha/opac-detail.pl?biblionumber=39856 _yKatalog online BPK |
||